famous people from the Nordic countries #3 - Statistics

General Stats
  • This quiz has been taken 12 times
  • The average score is 3 of 16
Answer Stats
Picture Answer % Correct
Astrid Lindgren
45%
Pewdiepie
45%
H.C. Andersen
36%
Ingemar Stenmark
36%
Magnus Carlsen
36%
Agnetha Fältskog
27%
Olof Palme
27%
Alfred Nobel
18%
Carl Gustaf Mannerheim
18%
Fridtjof Nansen
18%
Lars von Trier
9%
Mika Salo
9%
Søren Kirkegaard
9%
Anders Celsius
0%
Ole Kirk Christiansen
0%
Queen Kristina
0%
No matching quizzes found
Score Distribution
Percent of People with Each Score
Percentile by Number Answered
Your Score History
You have not taken this quiz